Wawasan 2020 : (Record no. 208)
[ view plain ]
| 000 -LEADER | |
|---|---|
| fixed length control field | nam a22 a 4500 |
| 003 - CONTROL NUMBER IDENTIFIER | |
| control field | AKMAL |
| 005 - DATE AND TIME OF LATEST TRANSACTION | |
| control field | 20170426112805.0 |
| 008 - FIXED-LENGTH DATA ELEMENTS--GENERAL INFORMATION | |
| fixed length control field | 170426s1994 my 00 may d |
| 020 ## - INTERNATIONAL STANDARD BOOK NUMBER | |
| International Standard Book Number | 9839146009 (kkt.): |
| Terms of availability | RM 5.00 |
| 082 04 - DEWEY DECIMAL CLASSIFICATION NUMBER | |
| Classification number | 315.9 ZUR |
| 090 ## - LOCALLY ASSIGNED LC-TYPE CALL NUMBER (OCLC); LOCAL CALL NUMBER (RLIN) | |
| Classification number (OCLC) (R) ; Classification number, CALL (RLIN) (NR) | 315.9 |
| Local cutter number (OCLC) ; Book number/undivided call number, CALL (RLIN) | ZUR |
| 100 0# - MAIN ENTRY--PERSONAL NAME | |
| Personal name | Zurinah Hassan, |
| Dates associated with a name | 1949- |
| 9 (RLIN) | 468 |
| 245 10 - TITLE STATEMENT | |
| Title | Wawasan 2020 : |
| Remainder of title | huraian 9 cabaran / |
| Statement of responsibility, etc. | Zurinah Hassan |
| 260 ## - PUBLICATION, DISTRIBUTION, ETC. | |
| Place of publication, distribution, etc. | Shah Alam : |
| Name of publisher, distributor, etc. | Penerbitan Pewarna, |
| Date of publication, distribution, etc. | 1994 |
| 300 ## - PHYSICAL DESCRIPTION | |
| Extent | 68ms. ; |
| Dimensions | 19cm |
| 500 ## - GENERAL NOTE | |
| General note | "Buku "Wawasan 2020, huraian 9 cabaran" adalah merupakan petikan kertas kerja yang berjudul: Malaysia: The way foward yang diucapkan oleh Dr. Mahathir Mohammad di persidangan Majlis Perdagangan Malaysia pada 28 Feb 1991" |
| 650 ## - SUBJECT ADDED ENTRY--TOPICAL TERM | |
| Topical term or geographic name entry element | Wawasan 2020 |
| 9 (RLIN) | 8 |
| 650 ## - SUBJECT ADDED ENTRY--TOPICAL TERM | |
| Topical term or geographic name entry element | Twenty-first century |
| Form subdivision | Forecasts |
| 9 (RLIN) | 469 |
| 650 ## - SUBJECT ADDED ENTRY--TOPICAL TERM | |
| Topical term or geographic name entry element | Social prediction |
| Geographic subdivision | Malaysia |
| 9 (RLIN) | 470 |
| 650 ## - SUBJECT ADDED ENTRY--TOPICAL TERM | |
| Topical term or geographic name entry element | Economic forecasting |
| Geographic subdivision | Malaysia |
| 9 (RLIN) | 82 |
| 651 ## - SUBJECT ADDED ENTRY--GEOGRAPHIC NAME | |
| Geographic name | Malaysia |
| General subdivision | Economic policy |
| 9 (RLIN) | 49 |
| 740 #2 - ADDED ENTRY--UNCONTROLLED RELATED/ANALYTICAL TITLE | |
| Uncontrolled related/analytical title | Wawasan dua ribu dua puluh |
| 942 ## - ADDED ENTRY ELEMENTS (KOHA) | |
| Source of classification or shelving scheme | |
| Koha item type | Book |
| Withdrawn status | Lost status | Source of classification or shelving scheme | Damaged status | Not for loan | Collection code | Home library | Current library | Shelving location | Date acquired | Inventory number | Total Checkouts | Full call number | Barcode | Date last seen | Price effective from | Koha item type |
|---|---|---|---|---|---|---|---|---|---|---|---|---|---|---|---|---|
| NON-FICTION | AKMAL Melaka | AKMAL Melaka | PINJAMAN | 26.04.2017 | 302255 | 315.9 ZUR | 201700506 | 26.04.2017 | 26.04.2017 | Book | ||||||
| NON-FICTION | AKMAL Melaka | AKMAL Melaka | PINJAMAN | 26.04.2017 | 302253 | 315.9 ZUR | 201700507 | 26.04.2017 | 26.04.2017 | Book | ||||||
| NON-FICTION | AKMAL Melaka | AKMAL Melaka | PINJAMAN | 17.05.2017 | 302254 | 315.9 ZUR | 201702723 | 17.05.2017 | 17.05.2017 | Book |
